<?xml version="1.0" encoding="UTF-8"?>
<record
    xmlns:xsi="http://www.w3.org/2001/XMLSchema-instance"
    xsi:schemaLocation="http://www.loc.gov/MARC21/slim http://www.loc.gov/standards/marcxml/schema/MARC21slim.xsd"
    xmlns="http://www.loc.gov/MARC21/slim">

  <leader>01761nam a2200205Ia 4500</leader>
  <controlfield tag="001">b4763-31202 </controlfield>
  <controlfield tag="003">IT-MiCISF</controlfield>
  <controlfield tag="008">161014s9999||||xx |||||||||||||| ||und||</controlfield>
  <datafield tag="040" ind1=" " ind2=" ">
    <subfield code="a">IT-MiCISF</subfield>
    <subfield code="c">IT-MiCISF</subfield>
  </datafield>
  <datafield tag="041" ind1=" " ind2=" ">
    <subfield code="a">it</subfield>
  </datafield>
  <datafield tag="100" ind1=" " ind2=" ">
    <subfield code="a">Bonetti Renzo (a cura di)</subfield>
  </datafield>
  <datafield tag="245" ind1=" " ind2="0">
    <subfield code="a">La reciprocit&#xE0; verginit&#xE0;-matrimonio. Il dono dell'alterit&#xE0; nella Chiesa Una Santa</subfield>
    <subfield code="b">Atti del Seminario di studio organizzato da C.E.I. Ufficio per la pastorale della famiglia; U.S.M.I.; C.I.S.M.</subfield>
  </datafield>
  <datafield tag="250" ind1=" " ind2=" ">
    <subfield code="a">1a ed.</subfield>
  </datafield>
  <datafield tag="260" ind1=" " ind2=" ">
    <subfield code="a"> Siena</subfield>
    <subfield code="b">Cantagalli</subfield>
    <subfield code="c">1999</subfield>
  </datafield>
  <datafield tag="300" ind1=" " ind2=" ">
    <subfield code="a">pp. 345</subfield>
  </datafield>
  <datafield tag="500" ind1=" " ind2=" ">
    <subfield code="a">Piovanelli S., Barbiero F., Volpi F., Vasciaveo C., Bartolini E., Militello C., Crociani L., Pinato S., Palumbo E., Danese A., Del Core P., Bettinelli C., Di Nicola G.P., Petraglio R., Bonetti R. / matrimonio-sacramento, verginit&#xE0;, teologia, vocazione, pastorale-familiare, pastorale-sacramenti, spiritualit&#xE0;-familiare, ministero-coniugale / Il volume presenta gli atti del secondo convegno su "Verginit&#xE0; e matrimonio" organizzato dall'Ufficio famiglia della CEI, in collaborazione con le organizzazioni dei superiori religiosi italiani. Scopo del convegno &#xE8; stato quello di indagare le relazioni profonde esistenti, in ordine all'identit&#xE0; e alla missione della Chiesa, tra la vocazione del matrimonio nel Signore e quella connotata dalla verginit&#xE0; per il Regno, attraverso la proposta di tre piste di ricerca: la Chiesa come comunit&#xE0; di battezzati, la grazia dei sacramenti dell'iniziazione, la reciprocit&#xE0; del dialogo tra femminilit&#xE0; e mascolinit&#xE0;. Tra gli autori: E. Bartolini, L. Crociani, A. Danese, G. P. Di Nicola, C. Militello, C. Vasciaveo, S. Piovanelli.</subfield>
  </datafield>
  <datafield tag="650" ind1=" " ind2=" ">
    <subfield code="a"> Temi di pastorale / pastorale-familiare</subfield>
    <subfield code="e">012</subfield>
  </datafield>
  <datafield tag="942" ind1=" " ind2=" ">
    <subfield code="c">BK</subfield>
  </datafield>
  <datafield tag="957" ind1=" " ind2=" ">
    <subfield code="7">1</subfield>
  </datafield>
  <datafield tag="999" ind1=" " ind2=" ">
    <subfield code="a">31202</subfield>
    <subfield code="b">si</subfield>
    <subfield code="g">1</subfield>
    <subfield code="c">212461</subfield>
    <subfield code="d">212461</subfield>
  </datafield>
  <datafield tag="952" ind1=" " ind2=" ">
    <subfield code="0">0</subfield>
    <subfield code="1">0</subfield>
    <subfield code="4">0</subfield>
    <subfield code="6">B_476331202</subfield>
    <subfield code="7">1</subfield>
    <subfield code="a">CISF</subfield>
    <subfield code="b">CISF</subfield>
    <subfield code="d">2016-10-14</subfield>
    <subfield code="l">0</subfield>
    <subfield code="o">b4763-31202 </subfield>
    <subfield code="r">2016-10-14 00:00:00</subfield>
    <subfield code="w">2016-10-14</subfield>
    <subfield code="y">BK</subfield>
    <subfield code="z">Data import 15.10.2016 / by Epidotti, Vaglietti</subfield>
  </datafield>
</record>
